| 000 | 00520nam a2200145 a 4500 | ||
|---|---|---|---|
| 001 | 000031024 | ||
| 005 | 20200930062645.0 | ||
| 008 | 110610s1940 dr 000 0 spa d | ||
| 040 |
_aDO-SdBNP _bspa _cBNPHU |
||
| 082 |
_axxx _bS444i |
||
| 111 | 1 |
_aReunión interamericana de los paises del Caribe _n(2a. : _d31-6 may.- jun. : _cSanto Domingo) _957519 |
|
| 245 | 1 | 0 | _aSegunda reunión interamericana de los paises del Caribe. |
| 260 |
_aCiudad Trujillo, República Dominicana : _bMontalvo, _c1940. |
||
| 300 |
_a[6 p.] ; _c25 cm. |
||
| 999 |
_c30516 _d30516 |
||